[Event "CAN-ch Universities"]
[Site "Ottawa CAN"]
[Date "2007.01.13"]
[Round "3"]
[White "Kenney, Jason"]
[Black "Mo, Jeff"]
[Result "1-0"]
[WhiteElo "2190"]
[BlackElo "1444"]
[PlyCount "81"]
[GameId "2160767910735141"]
[EventDate "2007.01.12"]
[EventType "team-swiss"]
[EventRounds "5"]
[EventCountry "CAN"]
[SourceTitle "EXT 2022"]
[Source "ChessBase"]
[SourceDate "2021.10.06"]
[SourceVersion "1"]
[SourceVersionDate "2021.10.06"]
[SourceQuality "1"]

1. d4 Nf6 2. c4 g6 3. Nc3 Bg7 4. e4 d6 5. Nge2 O-O 6. Ng3 e5 7. d5 Ne8 8. Be2 f5 9. exf5 gxf5 10. f4 Qh4 11. O-O e4 12. Rf2 Bd7 13. Nf1 Nf6 14. g3 Qh6 15. Ne3 Qg6 16. Kh1 Na6 17. Rg2 Ng4 18. h3 Nf6 19. Rb1 h5 20. b4 Kh7 21. Bd2 Rg8 22. g4 fxg4 23. hxg4 hxg4 24. f5 Bxf5 25. Rh2+ Bh6 26. Nxf5 Qxf5 27. Rxh6+ Kg7 28. Qf1 Qe5 29. Qxf6+ Qxf6 30. Rxf6 Kxf6 31. Nxe4+ Ke5 32. Nf2 g3 33. Ng4+ Kd4 34. Be3+ Ke4 35. Rb3 Raf8 36. Kg2 Rf2+ 37. Nxf2+ gxf2+ 38. Kxf2 Rf8+ 39. Ke1 Nxb4 40. Bg1 Nxa2 41. Re3+ 1-0

[Event "CAN-ch Universities"]
[Site "Ottawa CAN"]
[Date "2007.01.14"]
[Round "4"]
[White "Fernandes, Kevin"]
[Black "Kenney, Jason"]
[Result "0-1"]
[WhiteElo "1713"]
[BlackElo "2190"]
[PlyCount "110"]
[GameId "2160767910735142"]
[EventDate "2007.01.12"]
[EventType "team-swiss"]
[EventRounds "5"]
[EventCountry "CAN"]
[SourceTitle "EXT 2022"]
[Source "ChessBase"]
[SourceDate "2021.10.06"]
[SourceVersion "1"]
[SourceVersionDate "2021.10.06"]
[SourceQuality "1"]

1. e4 c5 2. Nc3 Nc6 3. f4 g6 4. Nf3 Bg7 5. Bb5 Nd4 6. O-O Nxb5 7. Nxb5 d5 8. e5 a6 9. Nc3 e6 10. Ne2 Ne7 11. d4 cxd4 12. Nexd4 Nc6 13. b3 Bf8 14. Kh1 Bd7 15. Bb2 Be7 16. Qd2 O-O 17. g4 f6 18. Nxc6 bxc6 19. Rac1 f5 20. g5 c5 21. h4 Bc6 22. Qe2 Rf7 23. Kh2 Bf8 24. h5 a5 25. hxg6 hxg6 26. Kg3 a4 27. Rh1 axb3 28. Qh2 Rg7 29. axb3 Ra2 30. Qh8+ Kf7 31. Rh7 Qa8 32. Rxg7+ Bxg7 33. Qxa8 Bxa8 34. Ba1 d4 35. Ne1 Be4 36. Kf2 Bf8 37. Ke2 Ke8 38. Nd3 Kd7 39. Kd2 Kc6 40. Ke2 c4 41. bxc4 Ba3 42. Bxd4 Bxd3+ 43. Kxd3 Bxc1 44. Be3 Bxe3 45. Kxe3 Rxc2 46. Kd3 Rg2 47. Ke3 Kc5 48. Kf3 Ra2 49. Kg3 Kxc4 50. Kh3 Kd4 51. Kh4 Rg2 52. Kh3 Rg4 53. Kh2 Ke3 54. Kh3 Kf2 55. Kh2 Rh4# 0-1

[Event "CAN-ch Universities"]
[Site "Ottawa CAN"]
[Date "2007.01.14"]
[Round "5"]
[White "Kenney, Jason"]
[Black "Ibrahim, Ismail"]
[Result "1-0"]
[WhiteElo "2190"]
[BlackElo "2018"]
[PlyCount "57"]
[GameId "2160767910735143"]
[EventDate "2007.01.12"]
[EventType "team-swiss"]
[EventRounds "5"]
[EventCountry "CAN"]
[SourceTitle "EXT 2022"]
[Source "ChessBase"]
[SourceDate "2021.10.06"]
[SourceVersion "1"]
[SourceVersionDate "2021.10.06"]
[SourceQuality "1"]

1. d4 d5 2. c4 c6 3. Nf3 Nf6 4. Nc3 e6 5. e3 Bb4 6. Bd2 O-O 7. Bd3 dxc4 8. Bxc4 Nbd7 9. O-O Qc7 10. Rc1 Qb8 11. a3 Bd6 12. Qe2 e5 13. dxe5 Nxe5 14. Nxe5 Bxe5 15. f4 Bc7 16. h3 b5 17. Bd3 Qb6 18. Kh1 a5 19. e4 g6 20. e5 Nh5 21. Kh2 Ba6 22. Be3 Qb7 23. b4 Rfe8 24. Ne4 Rac8 25. Qf2 Qb8 26. g4 Ng7 27. Nf6+ Kh8 28. Qh4 h5 29. Qg5 1-0

[Event "CAN-ch amateur U2000"]
[Site "Kitchener CAN"]
[Date "2007.08.03"]
[Round "2"]
[White "Gage, Steve"]
[Black "Armstrong, Robert J"]
[Result "0-1"]
[WhiteElo "1535"]
[BlackElo "1813"]
[PlyCount "37"]
[GameId "2160767910579935"]
[EventDate "2007.08.03"]
[EventType "swiss"]
[EventRounds "7"]
[EventCountry "CAN"]

1. e4 g6 2. Nf3 Bg7 3. Bc4 d6 4. d3 Nf6 5. Ng5 O-O 6. O-O e5 7. Bf4 c5 8. Qf3 exf4 9. Nd2 Qb6 10. Kh1 d5 11. Qd1 Be6 12. h4 Na6 13. d4 h6 14. Nxe6 f3 15. a4 h5 16. Qe2 Qb5 17. Qe3 Qxc4 18. exd5 Qxd4 19. Nxd4 0-1

[Event "CAN-ch amateur U2000"]
[Site "Kitchener CAN"]
[Date "2007.08.04"]
[Round "3"]
[White "Armstrong, Robert J"]
[Black "Dragusanu, George"]
[Result "1/2-1/2"]
[WhiteElo "1813"]
[BlackElo "1768"]
[PlyCount "63"]
[GameId "2160767910579936"]
[EventDate "2007.08.03"]
[EventType "swiss"]
[EventRounds "7"]
[EventCountry "CAN"]

1. d4 Nf6 2. c4 e6 3. Nf3 b6 4. e3 Bb7 5. Bd3 d5 6. O-O Be7 7. Nc3 O-O 8. b3 c5 9. dxc5 dxc4 10. bxc4 bxc5 11. Qe2 a6 12. Bb2 Nd5 13. Nd4 Nf6 14. Nc6 Nd5 15. Nxd5 Qxd5 16. Be4 Qd7 17. Qh5 Bd6 18. a3 g6 19. Bd5 Rd8 20. Qe2 h6 21. Na5 Rc8 22. Rad1 Qe7 23. Bxb7 Qxb7 24. Nxb7 Kf8 25. Qh5 Kg8 26. Qe5 Rc6 27. Qh5 Kf8 28. Bd4 cxd4 29. Rc1 Rc7 30. Qxg6 Rc8 31. Qh5 Ke8 32. Qe5 1/2-1/2

[Event "CAN-ch amateur U2000"]
[Site "Kitchener CAN"]
[Date "2007.08.04"]
[Round "4"]
[White "Niemiec, Sebastian"]
[Black "Armstrong, Robert J"]
[Result "0-1"]
[WhiteElo "1616"]
[BlackElo "1813"]
[PlyCount "63"]
[GameId "2160767910579937"]
[EventDate "2007.08.03"]
[EventType "swiss"]
[EventRounds "7"]
[EventCountry "CAN"]

1. d4 g6 2. Nf3 Bg7 3. c4 d6 4. e3 Nf6 5. Nc3 O-O 6. Be2 c5 7. O-O d5 8. a3 cxd4 9. Nxd4 Bf5 10. Bd3 dxc4 11. Bxf5 gxf5 12. Bd2 Nc6 13. Ne4 Nxe4 14. Nb5 Qb6 15. Nd4 a6 16. Nxc6 a5 17. Nb4 Qc7 18. Bc3 e5 19. Qd8 Nf6 20. Bd4 Raxd8 21. h3 b5 22. Bxe5 Qe7 23. e4 Rd2 24. f3 Re2 25. Bc7 Nxe4 26. fxe4 Bc3 27. Rf2 Rd2 28. Re2 Re8 29. Kf2 Rxe2+ 30. Kg3 Rxg2+ 31. Kxg2 Qd7 32. Bf4 0-1

[Event "CAN-ch amateur U2000"]
[Site "Kitchener CAN"]
[Date "2007.08.05"]
[Round "5"]
[White "Kiss, Istvan3"]
[Black "Armstrong, Robert J"]
[Result "1/2-1/2"]
[WhiteElo "1825"]
[BlackElo "1813"]
[PlyCount "72"]
[GameId "2160767910579938"]
[EventDate "2007.08.03"]
[EventType "swiss"]
[EventRounds "7"]
[EventCountry "CAN"]

1. Nf3 g6 2. d4 Bg7 3. e4 d6 4. Bd3 Nf6 5. O-O O-O 6. c3 Nbd7 7. Bg5 c5 8. Nbd2 a6 9. Re1 b5 10. Bh4 Nh5 11. e5 h6 12. Bg3 Re8 13. Nc4 dxe5 14. dxe5 Qc7 15. Bc2 Qd6 16. Bh4 Qc7 17. a4 Qd6 18. Qxd6 g5 19. Bg3 Nxg3 20. axb5 Nf1 21. b4 f5 22. Bxf5 Ng3 23. Bg4 Ra7 24. Qd2 Bxe5 25. Be6+ Kh8 26. Nh4 a5 27. Rad1 Nh5 28. Qf4 Rf8 29. Qd2 Rf6 30. Bf5 a4 31. Ra1 g4 32. f4 Rb7 33. Bc2 Ra7 34. Bxa4 Kg7 35. Kf1 Ra5 36. Kf2 Ra7 1/2-1/2

[Event "CAN-ch amateur U2000"]
[Site "Kitchener CAN"]
[Date "2007.08.05"]
[Round "6"]
[White "Armstrong, Robert J"]
[Black "Villalobos, Oscar"]
[Result "1/2-1/2"]
[WhiteElo "1813"]
[BlackElo "1722"]
[PlyCount "40"]
[GameId "2160767910579939"]
[EventDate "2007.08.03"]
[EventType "swiss"]
[EventRounds "7"]
[EventCountry "CAN"]

1. d4 Nf6 2. c4 g6 3. Nc3 Bg7 4. e4 d6 5. f3 O-O 6. Be3 e5 7. h4 c5 8. h5 g5 9. Qd2 Qb6 10. Bd3 Qa5 11. Nge2 Nfd7 12. d5 Na6 13. g4 f5 14. exf5 Nf6 15. f4 h6 16. fxe5 dxe5 17. a4 e4 18. Nd4 Nb4 19. Nf3 Bd7 20. Ne5 Nxd3+ 1/2-1/2

[Event "CAN-ch amateur U2000"]
[Site "Kitchener CAN"]
[Date "2007.08.06"]
[Round "7"]
[White "Armstrong, Robert J"]
[Black "Supsup, Ferdinand"]
[Result "1-0"]
[WhiteElo "1813"]
[BlackElo "1912"]
[PlyCount "121"]
[GameId "2160767910579940"]
[EventDate "2007.08.03"]
[EventType "swiss"]
[EventRounds "7"]
[EventCountry "CAN"]

1. d4 Nf6 2. c4 g6 3. Nc3 Bg7 4. e4 d6 5. f3 c6 6. Be3 a6 7. a4 a5 8. Nge2 Na6 9. Qd2 h5 10. h4 Nb4 11. Bg5 Nd7 12. O-O-O Qc7 13. Kb1 Nb8 14. g3 N8a6 15. Bh3 Rb8 16. g4 Bd7 17. gxh5 Rxh5 18. Bg4 Rh8 19. h5 Bxg4 20. fxg4 gxh5 21. gxh5 b5 22. h6 Bf6 23. Bxf6 exf6 24. Qf4 Qe7 25. cxb5 cxb5 26. Nxb5 Kd7 27. Rhf1 Rxh6 28. e5 Qe6 29. Nec3 Rg6 30. Nxd6 Nd5 31. Nxd5 Qxd5 32. Qf5+ Kd8 33. Rc1 Nc7 34. Qc2 Na6 35. Qc4 Qxc4 36. Rxc4 Rg2 37. Rc2 Rxc2 38. Kxc2 fxe5 39. Nxf7+ Ke7 40. Nxe5 Nb4+ 41. Kd2 Ke6 42. Nc4 Nc6 43. Kc3 Rh8 44. Rf3 Rh4 45. Re3+ Kd7 46. Ne5+ Nxe5 47. Rxe5 Kc6 48. Rxa5 Rh3+ 49. Kc4 Rh1 50. d5+ Kb6 51. Rb5+ Kc7 52. a5 Rc1+ 53. Kb4 Rb1 54. b3 Ra1 55. Rb6 Rd1 56. d6+ Kc8 57. a6 Ra1 58. Kb5 Ra2 59. Rb7 Rd2 60. d7+ Kd8 61. a7 1-0

[Event "CAN-ch w"]
[Site "Kitchener CAN"]
[Date "2007.08.06"]
[Round "7"]
[White "Belc, Daniela"]
[Black "Barron, Irina"]
[Result "1-0"]
[WhiteElo "2045"]
[BlackElo "2124"]
[PlyCount "77"]
[GameId "2160767910580147"]
[EventDate "2007.08.01"]
[EventType "tourn"]
[EventRounds "7"]
[EventCountry "CAN"]
[SourceTitle "EXT 2022"]
[Source "ChessBase"]
[SourceDate "2021.10.06"]
[SourceVersion "1"]
[SourceVersionDate "2021.10.06"]
[SourceQuality "1"]

1. d4 Nf6 2. c4 c5 3. d5 e5 4. Nc3 d6 5. g3 Be7 6. Bg2 O-O 7. Nf3 Bd7 8. Nxe5 dxe5 9. d6 Bc6 10. dxe7 Qxe7 11. Nd5 Bxd5 12. cxd5 Ne8 13. Qc2 Nd7 14. O-O Nd6 15. Bd2 a5 16. a4 b6 17. e4 f6 18. f4 Nf7 19. Ra3 Rfe8 20. Re3 Rac8 21. Bh3 Qd6 22. Be6 Rcd8 23. Bc3 Re7 24. Qe2 Rf8 25. Qh5 g6 26. Qh4 Kg7 27. Ref3 Rxe6 28. dxe6 Qxe6 29. f5 Qc6 30. Rd3 g5 31. Qg4 c4 32. Rd5 Nc5 33. Rfd1 Nxa4 34. Qf3 Nc5 35. Qe2 Nb7 36. Rd7 Nbd6 37. R1xd6 Qxd6 38. Rxd6 Nxd6 39. Qe3 1-0

[Event "CAN-op"]
[Site "Ottawa CAN"]
[Date "2007.07.07"]
[Round "1"]
[White "Barclay, Wayne"]
[Black "Ivkov, Borislav"]
[Result "1/2-1/2"]
[WhiteElo "2212"]
[BlackElo "2414"]
[PlyCount "53"]
[GameId "2160767910576454"]
[EventDate "2007.07.07"]
[EventType "swiss"]
[EventRounds "10"]
[EventCountry "CAN"]
[SourceTitle "CBM 119 Extra"]
[Source "ChessBase"]
[SourceDate "2007.09.04"]
[SourceVersion "1"]
[SourceVersionDate "2007.09.04"]
[SourceQuality "1"]

1. d4 g6 2. c4 Bg7 3. Nf3 d6 4. Nc3 e5 5. dxe5 dxe5 6. Qxd8+ Kxd8 7. e4 Nd7 8. Be3 c6 9. O-O-O Kc7 10. Be2 f6 11. Ne1 Bh6 12. Nc2 Bxe3+ 13. Nxe3 Nh6 14. Rd2 Rd8 15. Rhd1 Nf7 16. Bg4 h5 17. Be6 Ng5 18. Rd6 Nxe6 19. Rxe6 Rg8 20. Re7 Kd8 21. Rh7 Ke8 22. Ned5 cxd5 23. Nxd5 Rb8 24. Nc7+ Kd8 25. Ne6+ Ke8 26. Nc7+ Kd8 27. Ne6+ 1/2-1/2

[Event "CAN-op"]
[Site "Ottawa CAN"]
[Date "2007.07.07"]
[Round "1"]
[White "Derraugh, Geordie"]
[Black "Davies, Lucas"]
[Result "0-1"]
[WhiteElo "1960"]
[BlackElo "2200"]
[PlyCount "120"]
[GameId "2160767910576457"]
[EventDate "2007.07.07"]
[EventType "swiss"]
[EventRounds "10"]
[EventCountry "CAN"]

1. e4 c6 2. d4 d5 3. exd5 cxd5 4. c4 Nf6 5. Nc3 e6 6. a3 Be7 7. Nf3 O-O 8. Bd3 Nc6 9. O-O dxc4 10. Bxc4 Nd5 11. Re1 a6 12. Ba2 Nxc3 13. bxc3 b5 14. Qd3 Bb7 15. Bb1 g6 16. Bh6 Re8 17. Re3 Rc8 18. Ba2 Bf6 19. Rae1 Ne7 20. Rxe6 fxe6 21. Bxe6+ Kh8 22. Ng5 Rf8 23. Nxh7 Kxh7 24. Qh3 Nf5 25. Bxf8+ Nh4 26. Bc5 Bxg2 27. Qg3 Nf3+ 28. Kxg2 Nxe1+ 29. Kf1 Rxc5 30. dxc5 Qd3+ 31. Qxd3 Nxd3 32. c6 Be5 33. Bc8 Nc5 34. h3 Kg7 35. Ke2 Kf6 36. Ke3 g5 37. Kf3 a5 38. Ke3 Ne6 39. Kd3 Nc7 40. c4 b4 41. axb4 axb4 42. Kc2 Bc3 43. Bg4 Ke5 44. Kd3 Na6 45. Bd1 Nc5+ 46. Ke3 Bd4+ 47. Kf3 Ne6 48. Kg4 Bxf2 49. c7 Nxc7 50. Kxg5 Kd4 51. h4 Kxc4 52. h5 Bd4 53. Kg6 Ne6 54. h6 Nc5 55. Kf7 Kc3 56. Kg8 Kd2 57. Bh5 b3 58. Bf7 b2 59. Ba2 Na4 60. h7 Nc3 0-1

[Event "CAN-op"]
[Site "Ottawa CAN"]
[Date "2007.07.07"]
[Round "1"]
[White "Han, Yifei"]
[Black "Ferreira, Alex"]
[Result "1/2-1/2"]
[WhiteElo "1829"]
[BlackElo "1892"]
[PlyCount "86"]
[GameId "2160767910576462"]
[EventDate "2007.07.07"]
[EventType "swiss"]
[EventRounds "10"]
[EventCountry "CAN"]
[SourceTitle "EXT 2022"]
[Source "ChessBase"]
[SourceDate "2021.10.06"]
[SourceVersion "1"]
[SourceVersionDate "2021.10.06"]
[SourceQuality "1"]

1. e4 c5 2. Nf3 e6 3. d4 cxd4 4. Nxd4 Nc6 5. Nc3 Bb4 6. Nxc6 Bxc3+ 7. bxc3 dxc6 8. Qxd8+ Kxd8 9. e5 b6 10. Be3 Kc7 11. g3 Ne7 12. Bg2 Ba6 13. O-O-O h6 14. Rd6 Bc4 15. Rhd1 Rad8 16. Kb2 Bd5 17. Bxd5 Nxd5 18. Rxd8 Rxd8 19. Rd3 c5 20. c4 Nb4 21. Rxd8 Kxd8 22. a3 Nc6 23. f4 Ke7 24. Kc3 f6 25. exf6+ Kxf6 26. Kd3 e5 27. Ke4 exf4 28. Bxf4 Ke6 29. c3 g5 30. Bc7 Na5 31. Bb8 Nxc4 32. Bxa7 Nd6+ 33. Ke3 Kd5 34. Kf3 b5 35. Kg4 Ne4 36. Kh5 Nxc3 37. Kxh6 Ne4 38. h4 gxh4 39. gxh4 b4 40. axb4 cxb4 41. Be3 Nf2 42. Kg7 b3 43. Bc1 Ng4 1/2-1/2

[Event "CAN-op"]
[Site "Ottawa CAN"]
[Date "2007.07.07"]
[Round "1"]
[White "Short, Nigel"]
[Black "Kaminski, Victor"]
[Result "1-0"]
[WhiteElo "2683"]
[BlackElo "2149"]
[PlyCount "47"]
[GameId "2160767910576483"]
[EventDate "2007.07.07"]
[EventType "swiss"]
[EventRounds "10"]
[EventCountry "CAN"]
[SourceTitle "CBM 119 Extra"]
[Source "ChessBase"]
[SourceDate "2007.09.04"]
[SourceVersion "1"]
[SourceVersionDate "2007.09.04"]
[SourceQuality "1"]

1. e4 e6 2. d4 d5 3. Nc3 Bb4 4. e5 c5 5. a3 Bxc3+ 6. bxc3 Ne7 7. h4 Nbc6 8. h5 h6 9. Qg4 Rg8 10. Bd3 Nf5 11. Ne2 Qa5 12. O-O Qa4 13. Bxf5 exf5 14. Qg3 Ne7 15. dxc5 Bd7 16. Nd4 Nc6 17. Bxh6 Nxd4 18. cxd4 Kf8 19. Be3 Qxc2 20. e6 Bc6 21. Qd6+ Ke8 22. exf7+ Kxf7 23. Qg6+ Ke7 24. Bg5+ 1-0

[Event "CAN-op"]
[Site "Ottawa CAN"]
[Date "2007.07.07"]
[Round "1"]
[White "St Amand, Paul Jr"]
[Black "Hua, Lefong"]
[Result "1/2-1/2"]
[WhiteElo "2155"]
[BlackElo "2323"]
[PlyCount "62"]
[GameId "2160767910576484"]
[EventDate "2007.07.07"]
[EventType "swiss"]
[EventRounds "10"]
[EventCountry "CAN"]
[SourceTitle "CBM 119 Extra"]
[Source "ChessBase"]
[SourceDate "2007.09.04"]
[SourceVersion "1"]
[SourceVersionDate "2007.09.04"]
[SourceQuality "1"]

1. e4 c5 2. c3 d5 3. exd5 Qxd5 4. d4 Nc6 5. Nf3 Bg4 6. Be2 cxd4 7. cxd4 e6 8. Nc3 Qd6 9. O-O Nf6 10. Be3 Be7 11. a3 O-O 12. Qb3 a6 13. Rfd1 Rfd8 14. Rac1 b5 15. h3 Bh5 16. g4 Bg6 17. g5 Ne4 18. d5 Na5 19. Qa2 Nxc3 20. Rxc3 exd5 21. Bc5 Qc7 22. Rxd5 Bxc5 23. Rdxc5 Qf4 24. b4 Nb7 25. Rd5 Bh5 26. Rcd3 Qc1+ 27. Rd1 Qc7 28. Qd2 Rxd5 29. Qxd5 Rd8 30. Qe4 Rxd1+ 31. Bxd1 Qd7 1/2-1/2

[Event "CAN-op"]
[Site "Ottawa CAN"]
[Date "2007.07.07"]
[Round "1"]
[White "Vincent, Trevor"]
[Black "Selnes, Hamish"]
[Result "0-1"]
[WhiteElo "2199"]
[BlackElo "1956"]
[PlyCount "112"]
[GameId "2160767910576487"]
[EventDate "2007.07.07"]
[EventType "swiss"]
[EventRounds "10"]
[EventCountry "CAN"]

1. c4 Nf6 2. g3 e5 3. Bg2 Nc6 4. Nc3 Bb4 5. Nd5 O-O 6. Nxb4 Nxb4 7. d4 exd4 8. a3 Nc6 9. Nf3 d5 10. c5 Qe7 11. b4 Bg4 12. O-O Rfe8 13. Ra2 d3 14. exd3 Ne5 15. Bf4 Nxf3+ 16. Bxf3 Bxf3 17. Qxf3 c6 18. Rb2 a6 19. g4 Qe6 20. h3 Nd7 21. Kg2 f5 22. d4 fxg4 23. hxg4 Rf8 24. Rb3 g5 25. Qe3 Qxg4+ 26. Bg3 Rae8 27. Qd3 Qe4+ 28. Kg1 Rf6 29. Qd2 Qg4 30. Re1 Rfe6 31. Ree3 h6 32. Kh2 Rxe3 33. Rxe3 Rxe3 34. Qxe3 Qe4 35. Qc3 Nf6 36. f3 Qe2+ 37. Kg1 g4 38. fxg4 Nxg4 39. Qe1 Qe3+ 40. Qxe3 Nxe3 41. Bf4 Nf5 42. Kf2 Kf7 43. Be5 Kg6 44. Kf3 Ng7 45. Kg4 Ne6 46. a4 h5+ 47. Kh4 Kf5 48. Kxh5 Ke4 49. Kg6 Nxd4 50. Kf6 Nc2 51. Ke6 Nxb4 52. Bc3 a5 53. Kd6 d4 54. Be1 d3 55. Kc7 Kd5 56. Kb6 Kc4 0-1

[Event "CAN-op"]
[Site "Ottawa CAN"]
[Date "2007.07.07"]
[Round "1"]
[White "Yao, Sammy"]
[Black "Lahaye, Rick"]
[Result "0-1"]
[WhiteElo "2202"]
[BlackElo "2367"]
[PlyCount "114"]
[GameId "2160767910576489"]
[EventDate "2007.07.07"]
[EventType "swiss"]
[EventRounds "10"]
[EventCountry "CAN"]

1. e4 c5 2. Nf3 d6 3. d4 cxd4 4. Nxd4 Nf6 5. Nc3 a6 6. f3 e5 7. Nb3 Be6 8. Be3 Be7 9. Qd2 h5 10. O-O-O Nbd7 11. h3 Rc8 12. Kb1 b5 13. Bd3 h4 14. f4 Bc4 15. Rhe1 Qc7 16. Nd5 Nxd5 17. exd5 Bxd5 18. Bxb5 axb5 19. Qxd5 Qxc2+ 20. Ka1 O-O 21. Rc1 Qg6 22. Qb7 Rcd8 23. Na5 Qe6 24. f5 Qxf5 25. Nc6 Rde8 26. Qxb5 Bf6 27. Qd5 Nc5 28. Bxc5 dxc5 29. Qxc5 Qg6 30. Re2 e4 31. Rce1 Re6 32. Nd4 Re5 33. Qc4 Rfe8 34. Nc6 R5e6 35. Nd4 Rd6 36. Nb3 Qf5 37. a3 e3 38. Qc2 Qf4 39. Rd1 Rxd1+ 40. Qxd1 Qc4 41. Ka2 g6 42. Qe1 Qd3 43. Nc1 Qc4+ 44. Kb1 Qe4+ 45. Ka2 Kg7 46. Qb4 Qe5 47. Nd3 Qd5+ 48. Qb3 Qg5 49. Qc4 Qf5 50. Nb4 Re4 51. Qc2 Qb5 52. Kb1 Rc4 53. Qd1 Rd4 54. Qc2 Qd7 55. Rxe3 Rd1+ 56. Ka2 Rd2 57. Rd3 Rxc2 0-1

[Event "CAN-op"]
[Site "Ottawa CAN"]
[Date "2007.07.07"]
[Round "1"]
[White "Yu, Melvin"]
[Black "Kagramanov, Dina"]
[Result "0-1"]
[WhiteElo "1948"]
[BlackElo "2108"]
[PlyCount "72"]
[GameId "2160767910576491"]
[EventDate "2007.07.07"]
[EventType "swiss"]
[EventRounds "10"]
[EventCountry "CAN"]
[SourceTitle "CBM 119 Extra"]
[Source "ChessBase"]
[SourceDate "2007.09.04"]
[SourceVersion "1"]
[SourceVersionDate "2007.09.04"]
[SourceQuality "1"]

1. e4 c5 2. Nf3 e6 3. d4 cxd4 4. Nxd4 a6 5. c4 Nf6 6. Bd3 Qc7 7. O-O Nc6 8. Be3 Nxd4 9. Bxd4 Bd6 10. h3 h5 11. Qe2 Be5 12. Be3 Bf4 13. Bxf4 Qxf4 14. e5 Ng4 15. g3 Qh6 16. f4 f5 17. hxg4 hxg4 18. Qg2 Rb8 19. Kf2 b6 20. Ke1 Bb7 21. Qf2 g5 22. fxg5 Qxg5 23. Nc3 Rh3 24. Ne4 Bxe4 25. Bxe4 Qg7 26. Bg2 Qxe5+ 27. Qe2 Qxg3+ 28. Qf2 Qe5+ 29. Kd1 Rh2 30. Kc2 f4 31. Rae1 Qf5+ 32. Kc1 Rc8 33. b3 f3 34. Qd4 Rxg2 35. Qh8+ Ke7 36. Qh4+ Qf6 0-1

[Event "CAN-op"]
[Site "Ottawa CAN"]
[Date "2007.07.08"]
[Round "2"]
[White "Demmery, Steve"]
[Black "Mikanovic, Goran"]
[Result "1/2-1/2"]
[WhiteElo "2101"]
[BlackElo "2303"]
[PlyCount "62"]
[GameId "2160767910576501"]
[EventDate "2007.07.07"]
[EventType "swiss"]
[EventRounds "10"]
[EventCountry "CAN"]
[SourceTitle "CBM 119 Extra"]
[Source "ChessBase"]
[SourceDate "2007.09.04"]
[SourceVersion "1"]
[SourceVersionDate "2007.09.04"]
[SourceQuality "1"]

1. d4 Nf6 2. c4 e6 3. g3 Bb4+ 4. Bd2 Be7 5. Bg2 d5 6. Nf3 O-O 7. Qc2 c6 8. O-O b6 9. cxd5 cxd5 10. Bf4 Bb7 11. Ne5 Nfd7 12. Nd2 Nxe5 13. Bxe5 Nc6 14. Nf3 Qd7 15. Rfc1 Rfc8 16. Qd3 Na5 17. Bf4 Nc4 18. Ne5 Nxe5 19. Bxe5 Qa4 20. a3 Ba6 21. Qd2 Qb3 22. h4 h6 23. Bf3 Bb5 24. Bh5 Be8 25. Bc7 b5 26. e3 Qa4 27. b4 Qa6 28. Rc2 Bd8 29. Bxd8 Rxd8 30. Rc5 Qb6 31. Be2 f5 1/2-1/2

[Event "CAN-op"]
[Site "Ottawa CAN"]
[Date "2007.07.08"]
[Round "2"]
[White "Ferreira, Alex"]
[Black "Murray, Adam"]
[Result "0-1"]
[WhiteElo "1892"]
[BlackElo "1888"]
[PlyCount "92"]
[GameId "2160767910576507"]
[EventDate "2007.07.07"]
[EventType "swiss"]
[EventRounds "10"]
[EventCountry "CAN"]
[SourceTitle "EXT 2022"]
[Source "ChessBase"]
[SourceDate "2021.10.06"]
[SourceVersion "1"]
[SourceVersionDate "2021.10.06"]
[SourceQuality "1"]

1. e4 c5 2. Nf3 e6 3. d4 cxd4 4. Nxd4 a6 5. c4 b6 6. Nc3 Bb7 7. Bd3 d6 8. O-O Nd7 9. Re1 Qc7 10. Be3 h5 11. Rc1 Ngf6 12. f3 Rc8 13. b3 Qb8 14. a4 Be7 15. Qe2 Bd8 16. Qf2 Bc7 17. g3 h4 18. g4 Ne5 19. Be2 Rd8 20. g5 Nfd7 21. f4 Nc6 22. g6 Nxd4 23. gxf7+ Kxf7 24. Bxd4 Rdf8 25. Bg4 Qd8 26. Rcd1 Nf6 27. Bf3 Kg8 28. h3 Nh5 29. Bxh5 Rxh5 30. Qf3 Rg5+ 31. Kh2 d5 32. e5 Rg3 33. Qh5 dxc4 34. Ne4 Bxe4 35. Rxe4 Qa8 36. Qe2 Rxb3 37. Bf2 c3 38. Qc4 Rb2 39. Rf1 Qd5 40. Kg1 b5 41. Qxd5 exd5 42. Rd4 Bb6 43. Rxd5 Rxf2 44. Rxf2 Rxf4 45. Rd6 Bxf2+ 46. Kh1 c2 0-1

[Event "CAN-op"]
[Site "Ottawa CAN"]
[Date "2007.07.08"]
[Round "2"]
[White "Hayder, Aziz"]
[Black "Barron, Michael"]
[Result "0-1"]
[WhiteElo "2167"]
[BlackElo "2228"]
[PlyCount "70"]
[GameId "2160767910576510"]
[EventDate "2007.07.07"]
[EventType "swiss"]
[EventRounds "10"]
[EventCountry "CAN"]
[SourceTitle "CBM 119 Extra"]
[Source "ChessBase"]
[SourceDate "2007.09.04"]
[SourceVersion "1"]
[SourceVersionDate "2007.09.04"]
[SourceQuality "1"]

1. d4 f5 2. c4 Nf6 3. Nc3 g6 4. Nf3 Bg7 5. g3 O-O 6. Bg2 d6 7. O-O Qe8 8. Re1 Qf7 9. b3 Ne4 10. Qc2 c5 11. Be3 Nc6 12. Nxe4 fxe4 13. Ng5 Qe8 14. Qxe4 Nxd4 15. Rad1 h6 16. Bxd4 Bxd4 17. Nf3 Bc3 18. Rf1 Rb8 19. Nh4 Kg7 20. Nxg6 Qxg6 21. Qxe7+ Rf7 22. Qxd6 Qxd6 23. Rxd6 Bg4 24. f3 Bd7 25. e4 Be5 26. Rdd1 Bd4+ 27. Kh1 b5 28. f4 bxc4 29. bxc4 Be6 30. Rb1 Rxb1 31. Rxb1 Bxc4 32. a3 Bd3 33. Re1 c4 34. e5 c3 35. e6 Re7 0-1

[Event "CAN-op"]
[Site "Ottawa CAN"]
[Date "2007.07.08"]
[Round "2"]
[White "Ivkov, Borislav"]
[Black "St Amand, Paul Jr"]
[Result "1-0"]
[WhiteElo "2414"]
[BlackElo "2155"]
[PlyCount "95"]
[GameId "2160767910576512"]
[EventDate "2007.07.07"]
[EventType "swiss"]
[EventRounds "10"]
[EventCountry "CAN"]
[SourceTitle "CBM 119 Extra"]
[Source "ChessBase"]
[SourceDate "2007.09.04"]
[SourceVersion "1"]
[SourceVersionDate "2007.09.04"]
[SourceQuality "1"]

1. Nf3 c5 2. c4 Nf6 3. Nc3 Nc6 4. d4 cxd4 5. Nxd4 e6 6. e4 Bc5 7. Nb3 Be7 8. Be2 O-O 9. O-O d6 10. Be3 b6 11. Rc1 Bb7 12. f4 Nb8 13. Bf3 Nbd7 14. Nd4 Re8 15. e5 Bxf3 16. Qxf3 dxe5 17. Nc6 e4 18. Nxe4 Qc8 19. b4 Nxe4 20. Qxe4 Nf6 21. Qf3 Qb7 22. Rfd1 Rac8 23. b5 Rc7 24. a4 Nd7 25. a5 Bc5 26. a6 Qc8 27. Bxc5 Nxc5 28. Rd6 Rd7 29. Rcd1 Rxd6 30. Rxd6 Qc7 31. Qd1 f6 32. Rd8 Kf8 33. Qd6+ Qxd6 34. Rxd6 Ra8 35. Kf1 Kf7 36. Ke2 h6 37. h4 h5 38. Ke3 Ke8 39. Kd4 Nb3+ 40. Kc3 Nc5 41. Kb4 Kf7 42. Nxa7 Rxa7 43. Rxb6 Nd7 44. Rb7 Rxb7 45. axb7 Ke7 46. c5 Kd8 47. c6 Nb8 48. Kc5 1-0